| 000 | 00917nam a2200253Ia 4500 | ||
|---|---|---|---|
| 008 | 191130s2005##################000#0#eng## | ||
| 020 | _a9780195674835 | ||
| 040 |
_aACL _cACL |
||
| 082 | _a294.575 REN | ||
| 100 | _aRenold, Leah | ||
| 245 |
_aA Hindu education : early years of the Banaras Hindu University _cLeah Renold |
||
| 260 |
_aOxford _bOxford University Press _cc2005 |
||
| 300 | _axvii, 237 p. ; 22 cm | ||
| 500 | _aIncludes bibliographical references and index | ||
| 650 | _aBanaras Hindu University | ||
| 650 | _aIdentity (Psychology) - Religious aspects - Hinduism | ||
| 650 | _aIndia - Religion - 20th century | ||
| 650 | _aNationalism - India - History - 20th century | ||
| 650 | _aNationalism - Religious aspects - Hinduism | ||
| 650 | _aUniversities and colleges - India - History - 20th century | ||
| 990 | _af16a3221ac10000c3237427fb3f3e26f | ||
| 991 | _a128571 | ||
| 999 |
_c341707 _d341707 |
||